Pays sans les lettres de "TUVALU" - Statistiques

Statistiques générales
  • Ce quiz a été pris 15 fois
    6 depuis la dernière actualisation
  • Le résultat moyen est 8 sur 15
Statistiques - réponses
Continents Pays % Correct
Asie Inde
100%
Asie Indonésie
100%
Afrique Benin
67%
Asie Chine
67%
Europe Serbie
67%
Asie Syrie
67%
Asie Yemen
67%
Asie Chypre
33%
Afrique Comores
33%
Océanie Fidji
33%
Asie Géorgie
33%
Europe Grèce
33%
Europe Hongrie
33%
Afrique Niger
33%
Océanie Micronésie
0%
Aucun quiz correspondant
Distribution des résultats
% des personnes avec chaque résultat
Percentile par nombre de réponses
Votre historique - résultats
Vous n’avez pas pris ce quiz depuis la dernière actualisation